MARC details
| 000 -CABECERA |
| Campo de control de longitud fija |
01600nam a2200421 i 4500 |
| 001 - NÚMERO DE CONTROL |
| Campo de control |
991061459080106706 |
| 003 - IDENTIFICADOR DEL NÚMERO DE CONTROL |
| Campo de control |
ES-BaCBU |
| 005 - FECHA Y HORA DE LA ÚLTIMA TRANSACCIÓN |
| Campo de control |
20260206172925.0 |
| 008 - CÓDIGOS DE INFORMACIÓN DE LONGITUD FIJA |
| Campo de control de longitud fija |
250724s2025 spca 000 0 spa |
| 015 ## - NÚMERO DE BIBLIOGRAFÍA NACIONAL |
| Número de bibliografía nacional |
LL2025 |
| Fuente |
bnc |
| 017 ## - NÚMERO DE COPYRIGHT O DE DEPÓSITO LEGAL |
| Número de copyright o de depósito legal |
DL B 8681-2025 |
| Agencia que asigna el número |
Biblioteca de Catalunya |
| 020 ## - NÚMERO INTERNACIONAL NORMALIZADO PARA LIBROS (ISBN) |
| Número Internacional Normalizado para Libros (ISBN) |
9788491566403 |
| 035 ## - NÚMERO DE CONTROL DEL SISTEMA |
| Número de control del sistema |
(ES-BaIED)9665 |
| 040 ## - FUENTE DE LA CATALOGACIÓN |
| Centro catalogador de origen |
ES-BaBC |
| Lengua de catalogación |
cat |
| Normas de descripción |
rda |
| Centro transcriptor |
ES-BaIED |
| 080 ## - NÚMERO DE LA CLASIFICACIÓN DECIMAL UNIVERSAL |
| Número de la Clasificación Decimal Universal |
141.72 |
| Subdivisión auxiliar común |
(084.12) |
| Identificador de la edición |
2004 |
| 080 ## - NÚMERO DE LA CLASIFICACIÓN DECIMAL UNIVERSAL |
| Número de la Clasificación Decimal Universal |
305 |
| Subdivisión auxiliar común |
-055.2 |
| -- |
(084.12) |
| Identificador de la edición |
2004 |
| 080 ## - NÚMERO DE LA CLASIFICACIÓN DECIMAL UNIVERSAL |
| Número de la Clasificación Decimal Universal |
77.041 |
| Subdivisión auxiliar común |
-055.2 |
| -- |
(084.12) |
| Identificador de la edición |
2004 |
| 080 ## - NÚMERO DE LA CLASIFICACIÓN DECIMAL UNIVERSAL |
| Número de la Clasificación Decimal Universal |
305 |
| Subdivisión auxiliar común |
-055.2 |
| -- |
(091) |
| -- |
(084.12) |
| Identificador de la edición |
2004 |
| 100 1# - PUNTO DE ACCESO PRINCIPAL - NOMBRE DE PERSONA |
| Nombre de persona |
Capmany, Maria Aurèlia, |
| Fechas asociadas al nombre |
1918-1991, |
| Término indicativo de función |
autor |
| 245 10 - MENCIÓN DE TÍTULO |
| Título |
Antifémina / |
| Mención de responsabilidad etc. |
Ma. Aurèlia Capmany ; Colita ; prólogo: Mary Nash |
| 250 ## - MENCIÓN DE EDICIÓN |
| Mención de edición |
Segunda edición |
| 264 #1 - PRODUCTION, PUBLICATION, DISTRIBUTION, MANUFACTURE, AND COPYRIGHT NOTICE |
| Lugar de producción publicación distribución fabricación |
Barcelona : |
| Nombre del de productor editor distribuidor fabricante |
Ajuntament de Barcelona : |
| -- |
DHUB, Disseny Hub Barcelona, |
| Fecha de de producción publicación distribución fabricación o copyright |
[2025] |
| 300 ## - DESCRIPCIÓN FÍSICA |
| Extensión |
245 pàgines : |
| Otras características físicas |
principalment il·lustracions ; |
| Dimensiones |
29 cm |
| 336 ## - TIPO DE CONTENIDO |
| Término de tipo de contenido |
text |
| Código de tipo de contenido |
txt |
| Fuente |
rdacontent |
| 336 ## - TIPO DE CONTENIDO |
| Término de tipo de contenido |
imatge fixa |
| Código de tipo de contenido |
sti |
| Fuente |
rdacontent |
| 337 ## - TIPO DE MEDIO |
| Nombre del tipo de medio |
sense mediació |
| Código del tipo de medio |
n |
| Fuente |
rdamedia |
| 338 ## - TIPO DE SOPORTE |
| Nombre del tipo de soporte |
volum |
| Código del tipo de soporte |
nc |
| Fuente |
rdacarrier |
| 650 #7 - PUNTO DE ACCESO ADICIONAL DE MATERIA - TÉRMINO DE MATERIA |
| Término de materia o nombre geográfico como elemento inicial |
Feminisme |
| Fuente del encabezamiento o término |
lemac |
| Subdivisión de forma |
Llibres de làmines |
| 9 (RLIN) |
3680 |
| 650 #0 - PUNTO DE ACCESO ADICIONAL DE MATERIA - TÉRMINO DE MATERIA |
| Término de materia o nombre geográfico como elemento inicial |
Fotografía de dones |
| Fuente del encabezamiento o término |
lemac |
| Subdivisión de forma |
Llibres de làmines |
| 9 (RLIN) |
3601 |
| 650 #7 - PUNTO DE ACCESO ADICIONAL DE MATERIA - TÉRMINO DE MATERIA |
| Término de materia o nombre geográfico como elemento inicial |
Dones |
| Fuente del encabezamiento o término |
lemac |
| Subdivisión de materia general |
Història |
| Subdivisión de forma |
Llibres de làmines |
| 9 (RLIN) |
3748 |
| 700 0# - PUNTO DE ACCESO ADICIONAL - NOMBRE DE PERSONA |
| Nombre de persona |
Colita, |
| Fechas asociadas al nombre |
1940-2023, |
| Término indicativo de función |
fotògraf |
| 700 1# - PUNTO DE ACCESO ADICIONAL - NOMBRE DE PERSONA |
| Nombre de persona |
Nash, Mary, |
| Fechas asociadas al nombre |
1947- |
| Término indicativo de función |
escriptor d'un pròleg |
| 710 1# - PUNTO DE ACCESO ADICIONAL - NOMBRE DE ENTIDAD |
| Nombre de entidad o nombre de jurisdicción como elemento inicial |
Barcelona (Catalunya). |
| Unidad subordinada |
Ajuntament, |
| Término indicativo de función |
entitat editora |
| 710 1# - PUNTO DE ACCESO ADICIONAL - NOMBRE DE ENTIDAD |
| Nombre de entidad o nombre de jurisdicción como elemento inicial |
Disseny Hub Barcelona, |
| Término indicativo de función |
entitat editora |
| 908 ## - PUT COMMAND PARAMETER (RLIN) |
| Put command parameter |
BC |
| -- |
DHUB |
| -- |
MNAC |
| -- |
UAB |
| -- |
ELISAVA |
| -- |
LCI |
| -- |
COAC |
| -- |
UPF |
| -- |
IED |
| 940 ## - EQUIVALENCE OR CROSS-REFERENCE--UNIFORM TITLE [OBSOLETE] [CAN/MARC ONLY] |
| Uniform title |
<a href="BC">BC</a> |
| 942 ## - ENTRADA PARA ELEMENTOS AGREGADOS (KOHA) |
| Fuente de clasificación o esquema de ordenación en estanterías |
Universal Decimal Classification |
| Koha [por defecto] tipo de item |
Llibre |